[Event "Osijek Baranja CupT 13th"]
[Site "Valpovo"]
[Date "2020.02.22"]
[Round "3.3"]
[White "Macanga, Branko"]
[Black "Skelac, Darko"]
[Result "0-1"]
[WhiteElo "1798"]
[BlackElo "2072"]
[PlyCount "106"]
[EventDate "2020.02.21"]
[EventType "team-swiss"]
[EventRounds "5"]
[EventCountry "CRO"]
[SourceTitle "EXT 2023"]
[Source "ChessBase"]
[SourceDate "2022.10.05"]
[SourceVersion "1"]
[SourceVersionDate "2022.10.05"]
[SourceQuality "1"]
[WhiteTeam "Djakovo Limmont II"]
[BlackTeam "Valpovo HC"]
[WhiteTeamCountry "CRO"]
[BlackTeamCountry "CRO"]

1. Nf3 Nf6 2. c4 e6 3. g3 d5 4. Bg2 Be7 5. 0-0 0-0 6. d4 Nbd7 7. Nc3 c6 8. Bd2 Ne4 9. Nxe4 dxe4 10. Ne1 f5 11. e3 Qb6 12. Bc3 Rd8 13. Nc2 Ne5 14. Qe2 Ng6 15. h4 Bf6 16. f3 exf3 17. Bxf3 Qc7 18. Qg2 Rb8 19. Rac1 e5 20. Rfd1 e4 21. Be2 Be6 22. Be1 Ne7 23. g4 fxg4 24. Bg3 Qd7 25. Bxb8 Rxb8 26. Qg3 Rd8 27. d5 cxd5 28. cxd5 Bf5 29. Nd4 g6 30. Rc7 Qa4 31. Bc4 Qxd1+ 32. Kg2 Qd2+ 33. Kf1 Qd1+ 34. Qe1 Qxe1+ 35. Kxe1 Bxh4+ 36. Kf1 Nc8 37. d6+ Kh8 38. Nxf5 gxf5 39. d7 Nd6 40. Be6 Kg7 41. Bd5 Kf6 42. Bxb7 Nxb7 43. Rxb7 Ke7 44. Rxa7 Rxd7 45. Ra5 Ke6 46. b4 Rb7 47. b5 Bd8 48. Ra8 Bb6 49. Ra6 Kd5 50. Ke2 h5 51. a4 h4 52. a5 Bxa5 53. Rxa5 Rb6 0-1

[Event "SSOBZ Cup Team 12th"]
[Site "Valpovo"]
[Date "2019.02.17"]
[Round "4.3"]
[White "Macanga, Branko"]
[Black "Matota, Dominik"]
[Result "0-1"]
[WhiteElo "1777"]
[BlackElo "1503"]
[PlyCount "68"]
[EventDate "2019.02.15"]
[EventType "team-swiss"]
[EventRounds "5"]
[EventCountry "CRO"]
[SourceTitle "CBM 189 Extra"]
[Source "ChessBase"]
[SourceDate "2019.06.03"]
[SourceVersion "1"]
[SourceVersionDate "2019.06.03"]
[SourceQuality "1"]
[WhiteTeam "Djakovo Limmont II"]
[BlackTeam "Osijek Ferit II"]
[WhiteTeamCountry "CRO"]
[BlackTeamCountry "CRO"]

1. Nf3 c5 2. g3 Nc6 3. Bg2 d5 4. c4 d4 5. d3 Nf6 6. 0-0 e5 7. e3 Be7 8. exd4 exd4 9. Nbd2 Bf5 10. Nb3 0-0 11. Re1 Nb4 12. Ne5 Nd7 13. Bxb7 Rb8 14. Bg2 Nxe5 15. Rxe5 Bxd3 16. Nxc5 Bxc5 17. Rxc5 Qe7 18. Ra5 Bxc4 19. b3 Be2 20. Qd2 Rfc8 21. Ba3 d3 22. Re1 Rc2 23. Qf4 Rb6 24. Re5 Qf8 25. Bc1 Rxa2 26. Bd2 Nc2 27. Rc1 Nd4 28. Re3 Re6 29. Rxe6 fxe6 30. Bc3 Rc2 31. Rxc2 dxc2 32. Bxd4 Qd6 33. Be4 Qxd4 34. Bxc2 Qa1+ 0-1

[Event "Osijek-Baranja CupT 11th"]
[Site "Nasice"]
[Date "2018.02.18"]
[Round "5.4"]
[White "Macanga, Branko"]
[Black "Oreskovic, Pero"]
[Result "0-1"]
[WhiteElo "1844"]
[BlackElo "1928"]
[PlyCount "99"]
[EventDate "2018.02.16"]
[EventType "team-swiss"]
[EventRounds "5"]
[EventCountry "CRO"]
[SourceTitle "EXT 2023"]
[Source "ChessBase"]
[SourceDate "2022.10.05"]
[SourceVersion "1"]
[SourceVersionDate "2022.10.05"]
[SourceQuality "1"]
[WhiteTeam "Djakovo II"]
[BlackTeam "Osijek Dragovoljac"]
[WhiteTeamCountry "CRO"]
[BlackTeamCountry "CRO"]

1. Nf3 c5 2. c4 e6 3. g3 Ne7 4. Bg2 Nbc6 5. 0-0 Ng6 6. e4 Be7 7. Nc3 0-0 8. Re1 d6 9. h4 Bf6 10. a3 Rb8 11. Nh2 a6 12. Ng4 b5 13. h5 Nge5 14. Nxf6+ Qxf6 15. cxb5 Nd4 16. f4 Nd3 17. Re3 c4 18. b4 axb5 19. Ra2 g6 20. Bb2 g5 21. f5 Bb7 22. g4 exf5 23. Rxd3 fxe4 24. Nxe4 Qf4 25. Rxd4 Rfe8 26. Nxd6 Qg3 27. Nxb7 Re1+ 28. Qxe1 Qxe1+ 29. Kh2 Qb1 30. h6 Qxa2 31. Bc3 Qb1 32. Rd6 Qe1 33. Nc5 Qh4+ 34. Kg1 Re8 35. Ne4 Qe1+ 36. Kh2 Rxe4 37. Bxe4 Qh4+ 38. Kg1 Qg3+ 39. Bg2 Qxd6 40. Kf2 Qxh6 41. Bf3 Qa6 42. Ke3 Qxa3 43. Bd5 Qa7+ 44. Ke4 Qf2 45. Bxc4 bxc4 46. Kd5 h5 47. gxh5 g4 48. b5 g3 49. Bd4 Qxd4+ 50. Kxd4 0-1

[Event "Osijek-Baranja CupT 11th"]
[Site "Nasice"]
[Date "2018.02.16"]
[Round "1.4"]
[White "Macanga, Branko"]
[Black "Brkic, Valent"]
[Result "1-0"]
[WhiteElo "1844"]
[BlackElo "1941"]
[PlyCount "117"]
[EventDate "2018.02.16"]
[EventType "team-swiss"]
[EventRounds "5"]
[EventCountry "CRO"]
[SourceTitle "EXT 2023"]
[Source "ChessBase"]
[SourceDate "2022.10.05"]
[SourceVersion "1"]
[SourceVersionDate "2022.10.05"]
[SourceQuality "1"]
[WhiteTeam "Djakovo II"]
[BlackTeam "Osijek Mladost"]
[WhiteTeamCountry "CRO"]
[BlackTeamCountry "CRO"]

1. Nf3 Nf6 2. c4 e6 3. g3 d5 4. Bg2 Be7 5. 0-0 0-0 6. d4 b6 7. Ne5 Bb7 8. Nc3 c5 9. dxc5 bxc5 10. Qa4 Qc7 11. Bf4 Qb6 12. Qb5 Rd8 13. Rfd1 Na6 14. Qxb6 axb6 15. Na4 Nb4 16. b3 Nc2 17. Rac1 Nd4 18. Rd2 Ra6 19. e3 Nf5 20. cxd5 Bxd5 21. Bf1 c4 22. bxc4 Ne4 23. cxd5 Rxa4 24. Rdc2 exd5 25. Nc6 Rda8 26. g4 Ba3 27. Rb1 Nh4 28. Bb5 Nd2 29. Bxa4 Nxb1 30. Bb3 Nf3+ 31. Kh1 Ne1 32. Re2 Nd3 33. Rc2 Ne1 34. Re2 Nd3 35. Kg2 Re8 36. Bg3 Nc3 37. Rd2 Ne1+ 38. Kf1 Nf3 39. Rc2 Ne4 40. Bxd5 Nxg3+ 41. hxg3 Nh2+ 42. Kg2 Nxg4 43. Nd4 Bc5 44. Rd2 Rd8 45. Nb3 Kf8 46. Nxc5 bxc5 47. Rd1 Rc8 48. Rc1 Ke7 49. a4 f6 50. a5 Kd6 51. Bb7 Rb8 52. a6 Kc7 53. Rxc5+ Kb6 54. Rc6+ Ka7 55. Rc7 Kb6 56. Rxg7 Ne5 57. Rxh7 Nd3 58. Rf7 Nc5 59. Rxf6+ 1-0

[Event "Bosnjaci op 23rd"]
[Site "Bosnjaci"]
[Date "2018.01.04"]
[Round "3"]
[White "Macanga, Branko"]
[Black "Ivekovic, Tihana"]
[Result "0-1"]
[WhiteElo "1844"]
[BlackElo "2161"]
[PlyCount "82"]
[EventDate "2018.01.03"]
[EventType "swiss"]
[EventRounds "9"]
[EventCountry "CRO"]
[SourceTitle "CBM 182 Extra"]
[Source "ChessBase"]
[SourceDate "2018.02.23"]
[SourceVersion "1"]
[SourceVersionDate "2018.02.23"]
[SourceQuality "1"]

1. Nf3 d5 2. c4 e6 3. g3 Nf6 4. Bg2 Be7 5. 0-0 0-0 6. d4 dxc4 7. Ne5 Nc6 8. Nxc6 bxc6 9. Bxc6 Rb8 10. Nc3 Nd5 11. Qa4 Nb4 12. Bg2 a6 13. a3 Bd7 14. Qd1 Nc6 15. e4 Na5 16. Rb1 Rb3 17. Bf4 Bxa3 18. Qc2 Be7 19. e5 Bc6 20. Rfd1 Bxg2 21. Kxg2 Bb4 22. d5 Bxc3 23. bxc3 Rxb1 24. Qxb1 exd5 25. Qf5 c6 26. h4 Qc8 27. Qg5 Nb3 28. Bc1 Qe6 29. h5 h6 30. Qf4 Re8 31. Re1 Nc5 32. Qd2 Nd3 33. Re3 Qg4 34. Rxd3 cxd3 35. Qxd3 Rxe5 36. Be3 Qe4+ 37. Qxe4 Rxe4 38. Kf3 a5 39. Ke2 a4 40. Kd3 a3 41. Bc1 a2 0-1

[Event "Bosnjaci op 23rd"]
[Site "Bosnjaci"]
[Date "2018.01.04"]
[Round "2"]
[White "Tomas, Ante"]
[Black "Macanga, Branko"]
[Result "1-0"]
[WhiteElo "2124"]
[BlackElo "1844"]
[PlyCount "141"]
[EventDate "2018.01.03"]
[EventType "swiss"]
[EventRounds "9"]
[EventCountry "CRO"]
[SourceTitle "CBM 182 Extra"]
[Source "ChessBase"]
[SourceDate "2018.02.23"]
[SourceVersion "1"]
[SourceVersionDate "2018.02.23"]
[SourceQuality "1"]

1. e4 Nf6 2. e5 Nd5 3. c4 Nb6 4. d4 d6 5. exd6 exd6 6. Nc3 Be7 7. Be2 0-0 8. h3 Bf6 9. Nf3 Re8 10. 0-0 Bf5 11. Be3 Nc6 12. b3 Nb4 13. Rc1 Rc8 14. a3 Nc6 15. Re1 h6 16. Bd3 Qd7 17. Ne2 Ne7 18. Ng3 Bg6 19. Ne4 Bxe4 20. Bxe4 Nf5 21. Qd3 Nxe3 22. Rxe3 Rb8 23. Rce1 c6 24. Bf5 Rxe3 25. Rxe3 Qd8 26. Qe2 c5 27. d5 Nd7 28. g3 g6 29. Bc2 Kg7 30. Nh2 Bd4 31. Rd3 Ne5 32. Rd1 Qg5 33. Kg2 Nd7 34. f4 Qd8 35. Nf3 Bf6 36. h4 Nf8 37. h5 Qd7 38. hxg6 fxg6 39. Re1 b5 40. Nd2 bxc4 41. Nxc4 h5 42. f5 Qf7 43. Qf3 Rd8 44. Rh1 Bd4 45. Be4 Nh7 46. fxg6 Qxf3+ 47. Bxf3 Ng5 48. Bxh5 Ne4 49. Bf3 Ng5 50. Bh5 Ne4 51. Re1 Nf6 52. Re7+ Kh6 53. g4 Nxh5 54. gxh5 Kxh5 55. g7 Kg6 56. Rxa7 Bxg7 57. Ra6 Bf8 58. a4 Kf5 59. Kf3 Be7 60. a5 Rb8 61. Rb6 Rf8 62. a6 Ra8 63. Rb7 Rxa6 64. Rxe7 Ra1 65. Rf7+ Kg6 66. Rd7 Rb1 67. Rxd6+ Kf7 68. Rb6 Ke7 69. Ke3 Kd7 70. Kd2 Rh1 71. Ne5+ 1-0

[Event "Osijek op 10th"]
[Site "Osijek"]
[Date "2017.02.24"]
[Round "4"]
[White "Trepsic, Zvonimir"]
[Black "Macanga, Branko"]
[Result "0-1"]
[WhiteElo "1657"]
[BlackElo "1900"]
[PlyCount "58"]
[EventDate "2017.02.23"]
[EventType "swiss"]
[EventRounds "7"]
[EventCountry "CRO"]
[SourceTitle "EXT 2019"]
[Source "ChessBase"]
[SourceDate "2018.10.10"]
[SourceVersion "1"]
[SourceVersionDate "2018.10.10"]
[SourceQuality "1"]

1. e4 Nf6 2. Nc3 d5 3. e5 d4 4. exf6 dxc3 5. bxc3 exf6 6. Nf3 Bd6 7. Be2 0-0 8. 0-0 c6 9. d4 Re8 10. Rb1 Qa5 11. Bd3 Qxa2 12. Bd2 Qd5 13. c4 Qh5 14. c5 Bc7 15. h3 b6 16. cxb6 axb6 17. Be2 Qd5 18. c4 Qd6 19. Bb4 c5 20. dxc5 bxc5 21. Bc3 Ra3 22. Qc2 Rxc3 23. Qxc3 Rxe2 24. Rfd1 Qe7 25. Qd3 g6 26. Rb5 Na6 27. Qd5 Kg7 28. Qa8 Qe6 29. Kf1 Qxc4 0-1

[Event "Osijek-Baranja CupT 10th"]
[Site "Nasice"]
[Date "2017.02.18"]
[Round "3.2"]
[White "Macanga, Branko"]
[Black "Cajzler, Hinko"]
[Result "0-1"]
[WhiteElo "1900"]
[BlackElo "2086"]
[PlyCount "100"]
[EventDate "2017.02.17"]
[EventType "team-swiss"]
[EventRounds "5"]
[EventCountry "CRO"]
[SourceTitle "EXT 2019"]
[Source "ChessBase"]
[SourceDate "2018.10.10"]
[SourceVersion "1"]
[SourceVersionDate "2018.10.10"]
[SourceQuality "1"]

1. Nf3 d5 2. c4 c6 3. g3 Nf6 4. Bg2 Bf5 5. 0-0 e6 6. d4 h6 7. Nc3 Be7 8. c5 Nbd7 9. b4 b6 10. a4 a5 11. Ne5 Nxe5 12. dxe5 Nd7 13. e4 Bh7 14. exd5 cxd5 15. c6 Nxe5 16. b5 0-0 17. Be3 Nd3 18. Ne2 Bf6 19. Ra3 Nb2 20. Qc1 Nc4 21. Rb3 Nxe3 22. fxe3 Be5 23. Rd1 Qc7 24. Nf4 Rad8 25. Nd3 Bd6 26. Nf4 g5 27. Ne2 Bg6 28. Rf1 Be5 29. Nd4 Rc8 30. Nf3 Bd6 31. Nd4 Qe7 32. Bh3 Rc7 33. Rf2 h5 34. Qf1 g4 35. Bg2 h4 36. Ne2 hxg3 37. hxg3 Bb4 38. Nf4 Be4 39. Bxe4 dxe4 40. Qg2 Qd6 41. Rb1 f5 42. Qh2 Rh7 43. Nh5 Bc5 44. Re1 Qe7 45. Rd2 Qg5 46. Rd7 Qxh5 47. Qg2 Rh8 48. Qd2 Qh3 49. Qf2 Qh6 50. Qg2 Bxe3+ 0-1

[Event "CRO-chT3 East-B"]
[Site "Croatia"]
[Date "2005.04.03"]
[Round "3.4"]
[White "Macanga, Branko"]
[Black "Lombarovic, Marko"]
[Result "1-0"]
[WhiteElo "2149"]
[BlackElo "1979"]
[PlyCount "109"]
[EventDate "2005.03.13"]
[EventType "team-tourn"]
[EventRounds "11"]
[EventCountry "CRO"]
[SourceTitle "EXT 2007"]
[Source "ChessBase"]
[SourceDate "2006.11.23"]
[SourceVersion "1"]
[SourceVersionDate "2006.11.23"]
[SourceQuality "1"]
[WhiteTeam "Piskorevci"]
[BlackTeam "Otok"]
[WhiteTeamCountry "CRO"]
[BlackTeamCountry "CRO"]

1. Nf3 Nc6 2. c4 e5 3. d3 Nf6 4. g3 Bc5 5. Bg2 a6 6. 0-0 0-0 7. a3 d6 8. Nc3 Re8 9. Qc2 Bg4 10. e3 Ba7 11. b4 Qd7 12. Ng5 h6 13. Nge4 Nxe4 14. Bxe4 Bf5 15. Bb2 Bxe4 16. dxe4 Ne7 17. Rad1 Qe6 18. Nd5 Rac8 19. c5 dxc5 20. bxc5 f6 21. Qc4 Kh8 22. Qb4 Qc6 23. Nxe7 Rxe7 24. Rd5 Rce8 25. Rfd1 b6 26. cxb6 Bxb6 27. a4 a5 28. Qb5 Qxb5 29. axb5 Kg8 30. Kf1 Kf7 31. Ba3 Re6 32. Rd7+ Kg8 33. Rc1 Rc8 34. Rc6 Rxc6 35. bxc6 Kh7 36. Ke2 Kg6 37. f4 exf4 38. exf4 Bg1 39. h3 h5 40. Kf3 Bb6 41. h4 Re8 42. Be7 Rc8 43. f5+ Kh6 44. e5 fxe5 45. Bg5+ Kh7 46. f6 Kg6 47. Rxg7+ Kf5 48. f7 Bc5 49. Bh6 Kf6 50. Rg8 Bf8 51. Rxf8 Rxf8 52. Bxf8 Kxf7 53. Bd6 Ke6 54. Bxc7 a4 55. Bxe5 1-0

[Event "Bizovac Metalis op 11th"]
[Site "Bizovac"]
[Date "2004.02.28"]
[Round "5"]
[White "Armanda, Ivica"]
[Black "Macanga, Branko"]
[Result "1-0"]
[WhiteElo "2367"]
[BlackElo "2178"]
[PlyCount "47"]
[EventDate "2004.02.26"]
[EventType "swiss"]
[EventRounds "7"]
[EventCountry "CRO"]
[SourceTitle "CBM 098 Extra"]
[Source "ChessBase"]
[SourceDate "2004.03.10"]
[SourceVersion "2"]
[SourceVersionDate "2004.03.10"]
[SourceQuality "1"]

1. d4 Nf6 2. Nc3 d6 3. e4 g6 4. Be3 Bg7 5. Qd2 0-0 6. f3 Nbd7 7. 0-0-0 c6 8. h4 Nh5 9. Nge2 e5 10. g4 exd4 11. Bxd4 Nhf6 12. h5 c5 13. Be3 Ne5 14. Ng1 Nxf3 15. Nxf3 Bxg4 16. Be2 Nxh5 17. Rdg1 Nf6 18. Bh6 Bh5 19. Bxg7 Kxg7 20. Nh4 Kg8 21. Bxh5 Nxh5 22. Nd5 Re8 23. Qc3 Ng7 24. Nf6+ 1-0

[Event "Bosnjaci op 9th"]
[Site "Bosnjaci"]
[Date "2003.01.04"]
[Round "2"]
[White "Stevic, Hrvoje"]
[Black "Macanga, Branko"]
[Result "1-0"]
[WhiteElo "2530"]
[BlackElo "2188"]
[PlyCount "71"]
[EventDate "2003.01.03"]
[EventType "swiss"]
[EventRounds "7"]
[EventCountry "CRO"]
[SourceTitle "EXT 2004"]
[Source "ChessBase"]
[SourceDate "2003.11.25"]
[SourceVersion "1"]
[SourceVersionDate "2003.11.25"]
[SourceQuality "1"]

1. e4 Nf6 2. e5 Nd5 3. d4 d6 4. Nf3 Bg4 5. Be2 c6 6. 0-0 Bxf3 7. Bxf3 dxe5 8. dxe5 e6 9. Nd2 Nd7 10. Qe2 Nf4 11. Qe4 Ng6 12. Nc4 Qc7 13. Re1 Be7 14. g3 Nc5 15. Qe3 0-0 16. Bd2 a5 17. a3 Nd7 18. a4 Rfd8 19. Bc3 Bb4 20. Bxb4 axb4 21. a5 Ne7 22. h4 Nf5 23. Qf4 b5 24. axb6 Nxb6 25. Rxa8 Nxa8 26. Nd6 Nxd6 27. exd6 Rxd6 28. Qxb4 Nb6 29. Qc5 Nd7 30. Qa3 Nb6 31. Qa5 Nd5 32. Qc5 Ne7 33. Ra1 g6 34. h5 f5 35. Ra8+ Rd8 36. Ra7 1-0

[Event "Vukovar"]
[Site "Vukovar"]
[Date "2001.04.21"]
[Round "9"]
[White "Macanga, Branko"]
[Black "Jovanovic, Zoran"]
[Result "0-1"]
[WhiteElo "2369"]
[BlackElo "2383"]
[PlyCount "44"]
[EventDate "2001.04.13"]
[EventType "tourn"]
[EventRounds "9"]
[EventCountry "CRO"]
[EventCategory "5"]
[SourceTitle "CBM 081 Extra"]
[Source "ChessBase"]
[SourceDate "2001.05.06"]
[SourceVersion "1"]
[SourceVersionDate "2001.05.06"]
[SourceQuality "1"]

1. Nf3 Nf6 2. c4 g6 3. g3 Bg7 4. Bg2 0-0 5. 0-0 d6 6. d4 c6 7. Nc3 Qa5 8. h3 Be6 9. Qd3 Qa6 10. b3 d5 11. Ne5 Rd8 12. Bb2 dxc4 13. bxc4 Nbd7 14. Nxd7 Rxd7 15. d5 cxd5 16. cxd5 Qxd3 17. exd3 Nxd5 18. Bxd5 Bxd5 19. Rab1 Bc6 20. Rfe1 Rxd3 21. Ne4 Bxb2 22. Rxb2 Rad8 0-1

[Event "Djakovo op"]
[Site "Djakovo"]
[Date "1994.??.??"]
[Round "2"]
[White "Cebalo, Miso"]
[Black "Macanga, Branko"]
[Result "1-0"]
[WhiteElo "2520"]
[BlackElo "2250"]
[PlyCount "93"]
[EventDate "1994.11.??"]
[EventType "swiss"]
[EventRounds "9"]
[EventCountry "CRO"]
[SourceTitle "EXT 1997"]
[Source "ChessBase"]
[SourceDate "1996.11.15"]
[SourceVersion "1"]
[SourceVersionDate "1996.11.15"]
[SourceQuality "1"]

1. d4 Nf6 2. Nf3 b6 3. c4 e6 4. a3 Bb7 5. Nc3 d5 6. cxd5 exd5 7. Qa4+ c6 8. Bg5 Be7 9. e3 0-0 10. Bd3 Nbd7 11. Rd1 b5 12. Qc2 h6 13. Bh4 a5 14. 0-0 Re8 15. Rfe1 b4 16. axb4 axb4 17. Na4 Ne4 18. Bxe7 Qxe7 19. Nd2 c5 20. Nxe4 c4 21. Nec5 b3 22. Qd2 Bc6 23. Nxd7 cxd3 24. Ndb6 Rxa4 25. Nxa4 Bxa4 26. Qxd3 Qb4 27. Rc1 Bb5 28. Qc3 Qxc3 29. Rxc3 Bc4 30. Ra1 f5 31. f3 g5 32. Kf2 Kf7 33. Ra4 Kg6 34. Raxc4 dxc4 35. Rxc4 Rb8 36. Rc6+ Kf7 37. Ke2 h5 38. e4 Rb4 39. Kd3 f4 40. e5 Ra4 41. h4 gxh4 42. Rf6+ Ke7 43. Rxf4 Ra1 44. Kc3 Rg1 45. Rxh4 Rxg2 46. Rxh5 Re2 47. Kxb3 1-0